00428nam a22001337a 450000500170000000800410001704100130005808200150007110000280008624501210011426000090023530000250024465000250026920231121093747.0231121b |||||||| |||| 00| 0 eng d aEnglish  a342.8 ROL  aKasambara, R lEnglish  aThe Role of National Law Societies in Contributing to Democracy and Human Rights in Southern Africa / cR Kasambara  c2003 b33 pages ; c30 cm.  aLegal practice bLaw